Statistics for Brooklyn Nine Nine Characters in 60 seconds by actor.

Click here to take the quiz!

General Stats

  • This quiz has been taken 608 times
  • The average score is 6 of 8

Answer Stats

ActorCharacter% Correct
Melissa FumeroAmy Santiago
98%
Stephanie BeatrizRosa Diaz
92%
Andre BraugherRaymond Holt
88%
Joe Lo TruglioCharles Boyle
87%
Chelsea PerettiGina Linetti
86%
Terry CrewsTerry Jeffords
86%
Joel Mckinnon MillerNorm Scully
51%
Dirk BlockerMichael Hitchcock
42%

Score Distribution

Percentile by Number Answered

Percent of People with Each Score

Your Score History

You have not taken this quiz